खुनाचे रहस्य (Record no. 468391)
[ view plain ]
| 000 -LEADER | |
|---|---|
| fixed length control field | 00461nam a2200145Ia 4500 |
| 008 - FIXED-LENGTH DATA ELEMENTS--GENERAL INFORMATION | |
| fixed length control field | 100204s9999 xx 000 0 und d |
| 082 ## - DEWEY DECIMAL CLASSIFICATION NUMBER | |
| Item number | 23281 |
| 100 ## - MAIN ENTRY--PERSONAL NAME | |
| Personal name | तिबिले अनंत |
| 245 ## - TITLE STATEMENT | |
| Title | खुनाचे रहस्य |
| 260 ## - PUBLICATION, DISTRIBUTION, ETC. (IMPRINT) | |
| Name of publisher, distributor, etc | "शांती पब्लिकेशन , पुणे" |
| Date of publication, distribution, etc | 1998 |
| 300 ## - PHYSICAL DESCRIPTION | |
| Extent | 182 |
| 630 ## - SUBJECT ADDED ENTRY--UNIFORM TITLE | |
| Uniform title | खुनाचे रहस्य |
| 730 ## - ADDED ENTRY--UNIFORM TITLE | |
| Uniform title | खुनाचे रहस्य |
| 942 ## - ADDED ENTRY ELEMENTS (KOHA) | |
| Koha item type | Book |
| Withdrawn status | Lost status | Damaged status | Not for loan | Home library | Current library | Date acquired | Cost, normal purchase price | Total Checkouts | Full call number | Barcode | Date last seen | Cost, replacement price | Price effective from | Koha item type | Public note |
|---|---|---|---|---|---|---|---|---|---|---|---|---|---|---|---|
| Missing from bundle | N. C. Kelkar Sarvajanik Library, Mulund | N. C. Kelkar Sarvajanik Library, Mulund | 05/01/1998 | 115.00 | 23281 | NCKMULUND-23281 | 02/04/2010 | 115.00 | 02/04/2010 | Book | 1)गहाळ |